01877nam a22002897a 4500003000900000008004100009040007100050082002400121110004200145245004600187260003900233300005100272440010200323505085900425650001001284650003001294650003001324650001601354650002701370700003501397700002401432700002601456700002601482700003001508700002901538700002001567AR-CdUCM190425b ||||| |||| 00| 0 spa d aMUNICIPALIDAD PROVINCIAL DEL CUSCOcBIBLIOTECA MUNICIPAL DEL CUSCO aRev.IAAC/N°17/2000 aInstituto Americano de Arte del Cuzco aRevista del Instituto Americano de Arte / aCusco :bGrafisol Editores,c2000. a175 [75] páginas. :bilustraciones ;c22 cm. aRevista del Instituto Americano de Arte Cuzco.nAño [XVI], [?] semestre de 2000, N°17. Vol.[?] aContenido: Roberto F. Garmendia, ilustre integrante de la generación La Sierra. Manuel Jesús Aparicio Vega. -- Imagen y memoria colectiva Queros Incas de los siglos XVII y XVIII. Jorge A. Flores Ochoa. -- Rafael Aguilar por entero. Miguel H. Milla. -- La posible influencia de la oralidad en los Comentarios Reales del Inca Garcilaso. Walter Ong. -- El Peru como proceso y como promesa. Luis Durand Flórez. -- La forma planimétrica Inka de Intiwatana Pisaq. Ernesto Paz Carbajal. -- Perspectivas de la artesanía en el Cusco. Tatiana Valencia Becerra. -- El clero patriota cusqueño en la revolución de 1814. Alfredo Yépez Miranda. -- Guaqui y el cumpleaños de Fernando VII. Miguel H. Milla. -- José Hierro poeta Servantino. -- Crónicas culturales. -- Perspectivas y observaciones de los valles de Santa Ana. José Teodocio Rozas. aInkas aInca Garcilaso de la Vega aIntelectuales cusqueños aArtesanía aLevantamientos andinos aAparicio Vega, Manuel Jesús  aFlores Ochoa, Jorge aDurand Flórez, Luis aPaz Carbajal, Ernesto aValencia Becerra, Tatiana aYépez Miranda, Alfredo aMilla, Miguel H